000 00290nam a2200121Ia 4500
008 220204s9999 xx 000 0 und d
082 _a595.132
_bBIR
100 _aBIRD, Alan F
245 0 _aStructure of nematodes.
260 _aLondon
_bAcademic
_c1971
650 _aNematodes
942 _cBK
999 _c22480
_d22480